000 00560nam a22001937a 4500
003 OSt
005 20140310182200.0
008 130902t xxu||||| |||| 00| 0 eng d
020 _a0786917938
050 _aGV 1469.62.S4
_b.C712 2000
082 _aHS 794.821
_bC69 2000
100 _aCollins, Andy
_916204
245 _aStar wars :
_broleplaying game /
_c Andy Collins
260 _aRenton, WA :
_bWizards of the Coast,
_cc2000.
300 _a1138 p. :
_bill. , col. ;
_c28 cm.
651 _a Star wars.
_916205
942 _2lcc
_cHS
999 _c10195
_d10195